<?xml version="1.0" encoding="UTF-8"?>
<record
    xmlns:xsi="http://www.w3.org/2001/XMLSchema-instance"
    xsi:schemaLocation="http://www.loc.gov/MARC21/slim http://www.loc.gov/standards/marcxml/schema/MARC21slim.xsd"
    xmlns="http://www.loc.gov/MARC21/slim">

  <leader>02711nam a22004577a 4500</leader>
  <controlfield tag="001">42835</controlfield>
  <controlfield tag="003">gtgccic</controlfield>
  <controlfield tag="005">20250805115738.0</controlfield>
  <controlfield tag="007">ta</controlfield>
  <controlfield tag="008">250805b        gw ||||| |||| 00| 0 spa d</controlfield>
  <datafield tag="040" ind1=" " ind2=" ">
    <subfield code="a">gtgccic</subfield>
    <subfield code="b">spa</subfield>
    <subfield code="c">gtgccic</subfield>
    <subfield code="d">gtgccic</subfield>
    <subfield code="e">rda</subfield>
  </datafield>
  <datafield tag="082" ind1=" " ind2=" ">
    <subfield code="a">691.3 R626</subfield>
  </datafield>
  <datafield tag="082" ind1=" " ind2=" ">
    <subfield code="a">691.3 R626 c.2</subfield>
  </datafield>
  <datafield tag="100" ind1="1" ind2=" ">
    <subfield code="a">Sepp Rixner</subfield>
    <subfield code="e">Autor</subfield>
  </datafield>
  <datafield tag="100" ind1="1" ind2=" ">
    <subfield code="a">Ingeniero Hans Schinelbeck</subfield>
    <subfield code="e">Autor</subfield>
  </datafield>
  <datafield tag="100" ind1="1" ind2=" ">
    <subfield code="a">Ingeniero Dirk R. Weissig</subfield>
    <subfield code="e">Autor</subfield>
  </datafield>
  <datafield tag="245" ind1=" " ind2=" ">
    <subfield code="a">Fundamentos sobre la compactaci&#xF3;n del hormig&#xF3;n /</subfield>
    <subfield code="c">Rixner, Sepp</subfield>
  </datafield>
  <datafield tag="250" ind1=" " ind2=" ">
    <subfield code="a">2da.</subfield>
    <subfield code="b">original: Grundlagen der Betonverdichtung</subfield>
  </datafield>
  <datafield tag="264" ind1=" " ind2=" ">
    <subfield code="a">Munich, Alemania :</subfield>
    <subfield code="b">Wacker-Werke GmbH ;</subfield>
    <subfield code="c">2001.</subfield>
  </datafield>
  <datafield tag="300" ind1=" " ind2=" ">
    <subfield code="a">219 p. :</subfield>
    <subfield code="b">il. ;</subfield>
    <subfield code="c">21 cm</subfield>
  </datafield>
  <datafield tag="336" ind1=" " ind2=" ">
    <subfield code="2">rdacontenido</subfield>
    <subfield code="a">texto</subfield>
    <subfield code="b">txt</subfield>
  </datafield>
  <datafield tag="337" ind1=" " ind2=" ">
    <subfield code="2">rdamedio</subfield>
    <subfield code="a">sin mediaci&#xF3;n</subfield>
    <subfield code="b">n</subfield>
  </datafield>
  <datafield tag="338" ind1=" " ind2=" ">
    <subfield code="2">rdasoporte</subfield>
    <subfield code="a">volumen</subfield>
    <subfield code="b">nc</subfield>
  </datafield>
  <datafield tag="505" ind1=" " ind2=" ">
    <subfield code="t">EL CEMENTO Y SUS COMPONENTES</subfield>
  </datafield>
  <datafield tag="505" ind1=" " ind2=" ">
    <subfield code="t">EL MATERIAL DE CONSTRUCCI&#xD3;N HORMIG&#xD3;N Y SUS COMPONENTES</subfield>
  </datafield>
  <datafield tag="505" ind1=" " ind2=" ">
    <subfield code="t">EL MATERIAL DE CONSTRUCCI&#xD3;N HORMIG&#xD3;N Y SUS PROPIEDADES</subfield>
  </datafield>
  <datafield tag="505" ind1=" " ind2=" ">
    <subfield code="t">EL MATERIAL DE CONSTRUCCI&#xD3;N HORMIG&#xD3;N Y SU CONTROL</subfield>
  </datafield>
  <datafield tag="505" ind1=" " ind2=" ">
    <subfield code="t">COMPACTACI&#xD3;N DEL HORMIG&#xD3;N FRESCO Y TRATAMIENTOS ESPECIALES</subfield>
  </datafield>
  <datafield tag="505" ind1=" " ind2=" ">
    <subfield code="t">EQUIPOS PARA LA COMPACTACI&#xD3;N DEL HORMIG&#xD3;N FRESCO</subfield>
  </datafield>
  <datafield tag="505" ind1=" " ind2=" ">
    <subfield code="t">DISE&#xD1;O Y MODO DE FUNCIONAMIENTO DE LOS VIBRADORES INTERNOS</subfield>
  </datafield>
  <datafield tag="505" ind1=" " ind2=" ">
    <subfield code="t">CONSEJOS PR&#xC1;CTICOS PARA APLICACIONES DE VIBRADORES INTERNOS</subfield>
  </datafield>
  <datafield tag="505" ind1=" " ind2=" ">
    <subfield code="t">PRINCIPIOS T&#xC9;CNICOS DE LOS VIBRADORES EXTERNOS</subfield>
  </datafield>
  <datafield tag="505" ind1=" " ind2=" ">
    <subfield code="t">UTILIZACI&#xD3;N DE VIBRADORES EXTERNOS PARA LA COMPACTACI&#xD3;N DE HORMIG&#xD3;N FRESCO</subfield>
  </datafield>
  <datafield tag="505" ind1=" " ind2=" ">
    <subfield code="t">APLICACIONES CON VIBRADORES EXTERNOS EN ENCOFRADOS PARA HORMIGONADO IN SITU</subfield>
  </datafield>
  <datafield tag="505" ind1=" " ind2=" ">
    <subfield code="t">EN TORNO A CONVERTIDORES DE FRECUENCIA Y TENSI&#xD3;N</subfield>
  </datafield>
  <datafield tag="520" ind1=" " ind2=" ">
    <subfield code="a">El Pante&#xF3;n en Roma con su c&#xFA;pula de hormig&#xF3;n liviano sea el exponente m&#xE1;s impresionante. Por ello no es de extra&#xF1;ar que el nombre cemento provenga de los romanos, ya que las mamposter&#xED;as de piedra de cantera con el aglomerante cal viva era llamado &#xA8;Opus Caementitium&#xA8;. En c&#xED;rculos profesionales se est&#xE1; de acuerdo que el llamado hormig&#xF3;n romano representa el comienzo de una nueva era en la historia de la arquitectura, siendo este uno de los inventos m&#xE1;s destacados.  Por lo dem&#xE1;s tambi&#xE9;n se encuentra en el lat&#xED;n la ra&#xED;z de la palabra francesa hormig&#xF3;n, atribuida al bitumen.  Reci&#xE9;n a mediados del siglo 19 el hormig&#xF3;n experimenta su renacimiento, especialmente debido a la introducci&#xF3;n del hormig&#xF3;n armado y del hormig&#xF3;n pretensado.  La construcci&#xF3;n con hormig&#xF3;n es econ&#xF3;mica, flexible y casi sin l&#xED;mites f&#xED;sicos, algo que no ser&#xED;a posible con materiales convencionales.</subfield>
  </datafield>
  <datafield tag="650" ind1=" " ind2=" ">
    <subfield code="a">HORMIG&#xD3;N</subfield>
  </datafield>
  <datafield tag="650" ind1=" " ind2=" ">
    <subfield code="a">CONSTRUCCI&#xD3;N CON HORMIG&#xD3;N</subfield>
  </datafield>
  <datafield tag="942" ind1=" " ind2=" ">
    <subfield code="2">ddc</subfield>
    <subfield code="c">BK</subfield>
    <subfield code="n">0</subfield>
  </datafield>
  <datafield tag="945" ind1=" " ind2=" ">
    <subfield code="a">amlo</subfield>
  </datafield>
  <datafield tag="999" ind1=" " ind2=" ">
    <subfield code="c">794</subfield>
    <subfield code="d">794</subfield>
  </datafield>
  <datafield tag="952" ind1=" " ind2=" ">
    <subfield code="0">0</subfield>
    <subfield code="1">0</subfield>
    <subfield code="2">ddc</subfield>
    <subfield code="4">0</subfield>
    <subfield code="7">0</subfield>
    <subfield code="a">CICON</subfield>
    <subfield code="b">CICON</subfield>
    <subfield code="c">GEN</subfield>
    <subfield code="d">2025-08-05</subfield>
    <subfield code="e">donaci&#xF3;n</subfield>
    <subfield code="i">8.3.01.H.691</subfield>
    <subfield code="l">0</subfield>
    <subfield code="o">691.3 R626</subfield>
    <subfield code="p">8.3.01.H.691c.1</subfield>
    <subfield code="r">2025-08-05 11:48:00</subfield>
    <subfield code="t">1</subfield>
    <subfield code="w">2025-08-05</subfield>
    <subfield code="y">BK</subfield>
  </datafield>
  <datafield tag="952" ind1=" " ind2=" ">
    <subfield code="0">0</subfield>
    <subfield code="1">0</subfield>
    <subfield code="2">ddc</subfield>
    <subfield code="4">0</subfield>
    <subfield code="7">0</subfield>
    <subfield code="a">CICON</subfield>
    <subfield code="b">CICON</subfield>
    <subfield code="c">GEN</subfield>
    <subfield code="d">2025-08-05</subfield>
    <subfield code="e">donaci&#xF3;n</subfield>
    <subfield code="i">8.3.01.H.691c.2</subfield>
    <subfield code="l">0</subfield>
    <subfield code="o">691.3 R626 c.2</subfield>
    <subfield code="p">8.3.01.H.691.c.2</subfield>
    <subfield code="r">2025-08-05 11:48:00</subfield>
    <subfield code="t">2</subfield>
    <subfield code="w">2025-08-05</subfield>
    <subfield code="y">BK</subfield>
  </datafield>
</record>
